Normal view
MARC view
- بني سلامة، ايه هاني خلف
Entry Personal Name
001 - CONTROL NUMBER
- control field: 64844
003 - CONTROL NUMBER IDENTIFIER
- control field: JO-AjAnu
005 - DATE AND TIME OF LATEST TRANSACTION
- control field: 20231210125817.0
008 - FIXED-LENGTH DATA ELEMENTS
- fixed length control field: 231210|| aca||aabn | a|a d
040 ## - CATALOGING SOURCE
- Original cataloging agency: JO-AjAnu
100 ## - HEADING--PERSONAL NAME
- Linkage: بني سلامة، ايه هاني خلف
- Personal name: بني سلامة، ايه هاني خلف